Model karangan UPSR dinamik

Bibliographic Details
Main Author: Azizah Saliman
Format: Book
Published: Petaling Jaya : Preston Corporation Sdn.Bhd. , 2004
Subjects:

MARC

LEADER 00000cam a2200000 7i4500
001 0000083041
005 20080125.0
020 |a 9831582985 
090 0 0 |a 499.28   |b AZI 
100 0 |a Azizah Saliman 
245 1 0 |a Model karangan UPSR dinamik   |c Azizah Saliman 
260 |a Petaling Jaya :   |b Preston Corporation Sdn.Bhd. ,   |c 2004 
300 |a 172p. ;   |c 22cm. 
650 0 0 |a Malay language   |x Composition and exercises   |x UPSR 
999 |a 00170824   |b BUKU   |c JUNIOR REFERENCE   |e PERPUSTAKAAN KOMUNITI PETALING JAYA